Arte y color en México : Tepotzotlán = Kunst und farbe in Mexico : Tepotzotlán /

El deslumbrante conjunto jesuita de Tepotzotlán (Estado de México) -sede desde 1964 del Museo Nacional del Virreinato (MUNAVI)-, comenzó a levantarse en 1580, cuando el arzobispado de México ofreció a la orden la evangelización y educación de los indígenas del pueblo. El conjunto incluye el maravill...

Descripció completa

Guardat en:
Dades bibliogràfiques
Autor principal: Wuthenau, Alexander Von (autor)
Altres autors: Stetten, Berthold Von (fotógrafo) (fotógrafo)
Format: Llibre
Idioma:espanyol
Publicat: México : Fotocolor, 1940, c1940
Col·lecció:(Arte y Color en México ; 1)
Matèries:
Etiquetes: Afegir etiqueta
Sense etiquetes, Sigues el primer a etiquetar aquest registre!

MARC

LEADER 00000nam^a2200000^a^4500
001 000186769
005 20250526000000.0
009 20260310102236.923
037 |a Acervo ITESO - Biblioteca 
041 |a ESP 
082 |a 709. 72  |b ART V. 1 
100 |a Wuthenau, Alexander Von  |e (autor) 
240 1 1 |a [Arte y color en México] 
245 1 0 |a Arte y color en México :  |b Tepotzotlán = Kunst und farbe in Mexico : Tepotzotlán /  |c A. Von Wuthenau ; fotografía de B. Von Stetten. 
264 4 |a México :  |b Fotocolor,  |c 1940, c1940 
300 |a 1 folleto (13 p., 6 láminas) ;  |c 35.5 cm. 
336 |a texto  |b txt  |2 rdacontenido 
337 |a sin mediación  |b n  |2 rdamedio 
338 |a volumen  |b nc  |2 rdasoporte 
440 1 |a (Arte y Color en México ;  |v 1) 
520 |a El deslumbrante conjunto jesuita de Tepotzotlán (Estado de México) -sede desde 1964 del Museo Nacional del Virreinato (MUNAVI)-, comenzó a levantarse en 1580, cuando el arzobispado de México ofreció a la orden la evangelización y educación de los indígenas del pueblo. El conjunto incluye el maravilloso templo barroco de San Francisco Javier y los edificios que albergaron el Colegio y Casa de Probación para la formación de los novicios de la misma Compañía de Jesús y el Colegio de San Martín, para la educación de niños y jóvenes indígenas, a quienes se enseñaba a leer y escribir en español y eran instruidos en la doctrina cristiana y en la enseñanza de la música. El templo comenzó a construirse en 1670 y fue dedicado en 1682, con un sermón a cargo del padre Francisco de Florencia, aunque a lo largo del siguiente siglo se levantaron los hermosos retablos felizmente conservados y se construyó la fachada actual, que fue sobrepuesta a la original. 
546 |a Edición bilingüe español-alemán 
649 |a XX 
650 |a Jesuitas en Tepotzotlán, México (Estado) -  |x Historia -  |x Tema Principal 
650 |a Jesuitas en México -  |x Historia 
650 |a Museo Nacional del Virreinato -  |x Colecciones -  |x Tema Principal 
650 |a Museos y Galerías -  |z Tepotzotlán, México (Estado) 
650 |a Museos y Galerías -  |z México 
650 |a Arquitectura Religiosa -  |z Tepotzotlán, México (Estado) -  |x Historia y Crítica 
650 |a Arquitectura Virreinal -  |z Tepotzotlán, México (Estado) -  |x Historia y Crítica 
650 |a Arquitectura Barroca -  |z Tepotzotlán, México (Estado) -  |x Historia y Crítica 
650 |a Arquitectura Mexicana -  |z Tepotzotlán, México (Esado) -  |x Historia y Crítica 
650 |a Arquitectura Mexicana -  |x Historia y Crítica 
650 |a Escultura Religiosa -  |z Tepotzotlán, México (Estado) -  |x Historia y Crítica 
650 |a Escultura Virreinal -  |z Tepotzotlán, México (Estado) -  |x Historia y Crítica 
650 |a Escultura Barroca -  |z Tepotzotlán, México (Estado) -  |x Historia y Crítica 
650 |a Escultura Mexicana -  |z Tepotzotlán, México (Esado) -  |x Historia y Crítica 
650 |a Escultura Mexicana -  |x Historia y Crítica 
650 |a Pintura Religiosa -  |z Tepotzotlán, México (Estado) -  |x Historia y Crítica 
650 |a Pintura Virreinal -  |z Tepotzotlán, México (Estado) -  |x Historia y Crítica 
650 |a Pintura Barroca -  |z Tepotzotlán, México (Estado) -  |x Historia y Crítica 
650 |a Pintura Mexicana -  |z Tepotzotlán, México (Estado) -  |x Historia y Crítica 
650 |a Pintura Mexicana -  |x Historia y Crítica 
650 |a Arte Religioso -  |z Tepotzotlán, México (Estado) -  |x Historia y Crítica 
650 |a Arte Virreinal -  |z Tepotzotlán, México (Estado) -  |x Historia y Crítica -  |x Tema Principal 
650 |a Arte Barroco -  |z Tepotzotlán, México (Estado) -  |x Historia y Crítica -  |x Tema Principal 
650 |a Arte Mexicano -  |z Tepotzotlán, México (Estado) -  |x Historia y Crítica 
650 |a Arte Mexicano -  |x Historia y Crítica 
650 |a Tepotzotlán, México (Estado) -  |x Descripción -  |x Guías Turísticas -  |x Tema Principal 
650 |a Tepotzotlán, México (Estado) -  |x Historia -  |y Epoca Colonial, 1517-1821 
650 |a México -  |x Descripción -  |x Guías Turísticas 
650 |a México -  |x Historia -  |y Epoca Colonial, 1517-1821 
700 |a Stetten, Berthold Von  |e (fotógrafo) 
910 |a Fondo Julio de la Peña Lomelín 
920 |a Impresos - Libros 
930 |a Libros Antiguos y Raros 
940 |a Jesuitas 
940 |a Arquitectos Jaliscienses 
905 |a 108 
901 |a 0500128522  |b IT2  |c LRA  |u 20250526 
902 |a https://opac.biblio.iteso.mx/vufind/Record/000186769